000
00239nam a2200097Ia 4500
001
712238
005
20250826162823.0
008
250824s9999 xx 000 0 und d
245
0
_a
MEHMET AKİF
_c
NURETTİN TOPÇU
260
_b
DERGÂH YAYINLARI
999
_c
712238
_d
712238